Revista europea (Record no. 171180)
[ view plain ]
| 000 -LEADER | |
|---|---|
| campo de control de longitud fija | 00920nam a22001575i 4500 |
| 001 - NÚMERO DE CONTROL | |
| campo de control | 171180 |
| 003 - IDENTIFICADOR DE NÚMERO DE CONTROL | |
| campo de control | ES-MaACL |
| 005 - FECHA Y HORA DE LA ÚLTIMA TRANSACCIÓN | |
| campo de control | 20230906214548.0 |
| 008 - DATOS DE LONGITUD FIJA--INFORMACIÓN GENERAL | |
| campo de control de longitud fija | 090504s1872 sp |||| | spa d |
| 100 1# - ENTRADA PRINCIPAL--NOMBRE DE PERSONA | |
| Nombre de persona | Gamayo, Angel. |
| 9 (RLIN) | 140009 |
| 245 10 - MENCIÓN DEL TÍTULO | |
| Título | Revista europea |
| Resto del título | : viaje indirecto en tren de recreo desde las tercianeras orillas del Manzanares hasta las pintorescas riberas del Rhin y un cuarto de legua mas allá, en un acto y varios descarrilamientos, en verso ó cosa así, y musicalmente compuestos, / |
| Mención de responsabilidad, etc. | original de Angel Gamayo. |
| 260 ## - PUBLICACIÓN, DISTRIBUCIÓN, ETC. | |
| Lugar de publicación, distribución, etc. | Madrid : |
| Nombre del editor, distribuidor, etc. | [s.n.], |
| Fecha de publicación, distribución, etc. | 1872. |
| 300 ## - DESCRIPCIÓN FÍSICA | |
| Extensión | 23 p. ; |
| Dimensiones | 18 cm. |
| 500 ## - NOTA GENERAL | |
| Nota general | En port.: Estrenada con éxito en Madrid la noche del 25 de junio de 1872. |
| 852 ## - LOCALIZACIÓN | |
| Ubicación | ES-MaACL |
| Número de control de estantería | F-8588(15) |
| Nota libre | . - Enc. pasta española |
| condición física | - Falto de la cub. original |
| Nota libre | - Enc. en un vol. facticio formando parte de la col. facticia "Teatro español moderno", vol. 41 |
| -- | .- Dedicatoria manuscrita del autor |
| Estatus retirado | Estado de pérdida | Estado de daño | No para préstamo | Colección | Biblioteca de origen | Biblioteca actual | Ubicación en estantería | Fecha de adquisición | Fuente de adquisición | Total de préstamos | Signatura topográfica completa | Código de barras | Visto por última vez | Precio de reemplazo | Tipo de ítem Koha |
|---|---|---|---|---|---|---|---|---|---|---|---|---|---|---|---|
| Libros del s. XIX | Biblioteca del Ateneo de Madrid | Biblioteca del Ateneo de Madrid | Sala Pecera Planta 2 | 04/05/2009 | F-8588(15) | 1179645 | 23/02/2023 | 23/02/2023 | Libro impreso antiguo |
